[Event "POL-chT 2nd League"]
[Site "Polanica Zdroj"]
[Date "2004.09.06"]
[Round "4"]
[White "Rzepecka, Dorota"]
[Black "Wozniak, Katarzyna"]
[Result "1/2-1/2"]
[WhiteElo "1928"]
[BlackElo "1997"]
[PlyCount "60"]
[EventDate "2004.09.04"]
[EventType "team-swiss"]
[EventRounds "11"]
[EventCountry "POL"]
[SourceTitle "CBM 102 Extra"]
[Source "ChessBase"]
[SourceDate "2004.11.03"]
[SourceVersion "1"]
[SourceVersionDate "2004.11.03"]
[SourceQuality "1"]
[WhiteTeam "Miedzyborow Wrzos"]
[BlackTeam "Turek Tecza"]
[WhiteTeamCountry "POL"]
[BlackTeamCountry "POL"]

1. e4 d6 2. d4 g6 3. Nf3 Bg7 4. Nc3 c6 5. Bc4 Nf6 6. 0-0 0-0 7. Re1 Bg4 8. h3 Bxf3 9. Qxf3 e5 10. dxe5 dxe5 11. Bg5 Nbd7 12. Rad1 Qc7 13. a4 a6 14. Rd2 b5 15. axb5 axb5 16. Bb3 b4 17. Ne2 c5 18. Bc4 Nb6 19. Bb5 Rfd8 20. Red1 Rxd2 21. Rxd2 Qe7 22. c4 Qe6 23. Kh2 Ne8 24. Bd8 Nxc4 25. Rd7 Bf8 26. Rd5 Ncd6 27. Bxe8 Nxe8 28. Bg5 Nc7 29. Rd2 c4 30. Qe3 Nb5 1/2-1/2